000 00467cam a2200157 4500500
005 20251012032553.0
041 _afre
042 _adc
100 1 0 _aRispoli, Mario
_eauthor
700 1 0 _a Depaule, Jean-Charles
_eauthor
245 0 0 _aL’enlèvement au Caire
260 _c2006.
500 _a92
786 0 _nSigila | 18 | 2 | 2006-12-20 | p. 35-46 | 1286-1715
856 4 1 _uhttps://shs.cairn.info/revue-sigila-2006-2-page-35?lang=fr&redirect-ssocas=7080
999 _c1547718
_d1547718